000 01062nam a22002657a 4500
003 0
005 20251113154844.0
008 251113b xxu||||| |||| 00| 0 eng d
020 _a978-0-06-284271-8
050 _aPZ 7.1
_b.A9529 War 2018
100 _aAveyard, Victoria,
_eauthor.
245 _aWar storm /
_cVictoria Aveyard.
260 _aNew York :
_bHarperTeen, an imprint of HarperCollins Publishers,
_c2018.
300 _a662 pages ;
_c23 cm.
490 _aRed Queen ;
_vbook 4
500 _aSequel to: King’s cage. Final book in the Red Queen series.
520 _aMare Barrow faces her greatest challenge as alliances shift and betrayal threatens to destroy everything she has fought for in the final battle between the Scarlet Guard and the divided Silver kingdom.
650 _aInsurgency
_vJuvenile fiction.
650 _aSocial classes
_vJuvenile fiction.
650 _aKings and rulers
_vJuvenile fiction.
650 _aMagic
_vJuvenile fiction.
650 _aFantasy fiction.
830 _aRed Queen ;
_s bk. 4.
942 _2lcc
_cBK
999 _c368630
_d368630